Respuesta sísmica acoplada en torsión de sistemas elásticos e inelásticos de un piso
Uloženo v:
| Hlavní autor: | |
|---|---|
| Médium: | Kniha |
| Vydáno: |
[San José , Costa Rica]
1984
|
| Témata: | |
| Tagy: |
Přidat tag
Žádné tagy, Buďte první, kdo vytvoří štítek k tomuto záznamu!
|
MARC
| LEADER | 00000nam a2200000Ia 4500 | ||
|---|---|---|---|
| 003 | 002612 | ||
| 005 | 20221231144408.0 | ||
| 008 | 140114s1984 cr a m 000 ||s d | ||
| 040 | |c cru CEDI | ||
| 090 | |a TFG 1583 | ||
| 100 | |a González Vásquez, Rafael Angel |9 14791 | ||
| 245 | |a Respuesta sísmica acoplada en torsión de sistemas elásticos e inelásticos de un piso | ||
| 260 | |c 1984 |a [San José , Costa Rica] | ||
| 300 | |a 143 hojas : ilustraciones ; 28 cm | ||
| 500 | |a Proyecto de graduación (ingeniero civil)--Universidad de Costa Rica. Facultad de Ingeniería. Escuela de Ingeniería Civil | ||
| 650 | |x CONSTRUCCIONES ANTISISMICAS |x PISOS (CONSTRUCCION) |x ESFUERZO Y TENSION |9 14792 | ||
| 942 | |c TFG | ||
| 999 | |c 21241 |d 21241 | ||
